The Future of Historic Cities Urban heritage in asia documentation protction and consrvation (Record no. 6323)
[ view plain ]
| 000 -LEADER | |
|---|---|
| fixed length control field | 00337nam a2200109Ia 4500 |
| 008 - FIXED-LENGTH DATA ELEMENTS--GENERAL INFORMATION | |
| fixed length control field | 200302s9999 xx 000 0 und d |
| 100 ## - MAIN ENTRY--PERSONAL NAME | |
| Personal name | Shikha Jain and Others |
| 245 ## - TITLE STATEMENT | |
| Title | The Future of Historic Cities Urban heritage in asia documentation protction and consrvation |
| 260 ## - PUBLICATION, DISTRIBUTION, ETC. | |
| Name of publisher, distributor, etc. | Aryan Books International |
| 260 ## - PUBLICATION, DISTRIBUTION, ETC. | |
| Date of publication, distribution, etc. | 2016 |
| 300 ## - PHYSICAL DESCRIPTION | |
| Extent | 178 |
| Withdrawn status | Lost status | Damaged status | Not for loan | Permanent Location | Current Location | Date acquired | Cost, normal purchase price | Total Checkouts | Total Renewals | Full call number | Barcode | Date last seen | Date last checked out | Price effective from | Koha item type |
|---|---|---|---|---|---|---|---|---|---|---|---|---|---|---|---|
| BMS College of Architecture, Design and Planning | BMS College of Architecture, Design and Planning | 2020-03-03 | 2800.00 | 5 | 1 | 307.76095 | AR-UG225 | 2025-02-24 | 2025-02-03 | 2020-03-03 | UG Books |